Jules Laforgue /

সংরক্ষণ করুন:
গ্রন্থ-পঞ্জীর বিবরন
প্রধান লেখক: Laforgue, Jules, 1860-1887
অন্যান্য লেখক: Durry, Marie-Jeanne, 1901-
বিন্যাস: গ্রন্থ
ভাষা:French
প্রকাশিত: Paris : Seghers, 1963.
মালা:Poètes d'aujourd'hui ; 30
বিষয়গুলি:
LEADER 00866nam a22002171 4500
001 c000365090
003 CARM
005 00000000000000.0
008 851211s1963 fr 0 fre d
019 1 |a 4160892  |5 LACONCORD2021 
035 |a (OCoLC)343340  |5 LACONCORD2021 
100 1 |a Laforgue, Jules,  |d 1860-1887. 
245 1 0 |a Jules Laforgue /  |c par M.-J.Durry; avec choix de poemes, bibliographie, dessins, portraits, fac-similes, textes inedits. 
260 |a Paris :  |b Seghers,  |c 1963. 
490 0 |a Poètes d'aujourd'hui ;  |v 30 
600 1 0 |a Laforgue, Jules,  |d 1860-1887. 
700 1 |a Durry, Marie-Jeanne,  |d 1901- 
852 8 |b CARM  |h A1:AP31A0  |i A04274  |p 0350499  |f BK 
082 0 4 |a 841.8 
999 f f |i 49365bc7-c7b0-5095-bfc6-a8e47a16863b  |s db370ce0-24ea-5ebe-9570-55340a9d5e83 
952 f f |p Can circulate  |a CAVAL  |b CAVAL  |c CAVAL  |d CARM 1 Store  |e A04274  |f A1:AP31A0  |h Other scheme  |i book  |m 0350499